Statistics for Türkiye Bütün İlçeler Quiz

Click here to take the quiz!

General Stats

  • This quiz has been taken 130 times
  • The average score is 124 of 973

Answer Stats

İlİlçe% Correct
AfyonkarahisarÇay
70%
ÇanakkaleÇan
67%
İstanbulBeşiktaş
59%
AdanaSeyhan
59%
MuğlaBodrum
57%
İstanbulBüyükçekmece
57%
İstanbulKadıköy
57%
İstanbulKüçükçekmece
57%
TrabzonOf
56%
AnkaraÇankaya
54%
İstanbulEsenyurt
54%
İstanbulEsenler
52%
İstanbulÜsküdar
52%
İstanbulBağcılar
51%
NiğdeBor
51%
AnkaraEtimesgut
51%
İstanbulFatih
51%
MuğlaFethiye
51%
İstanbulPendik
51%
AntalyaKaş
49%
AntalyaAlanya
48%
İzmirKarşıyaka
48%
Balıkesir | VanEdremit
46%
İstanbulŞişli
46%
İstanbulTuzla
46%
İzmirÇeşme
44%
AdanaCeyhan
44%
DiyarbakırSur
44%
BalıkesirAyvalık
43%
KocaeliGebze
43%
EskişehirHan
43%
Bursaİnegöl
43%
İstanbulSarıyer
43%
İstanbulEyüpsultan
41%
İstanbulKartal
41%
AnkaraKeçiören
41%
OsmaniyeBahçe
40%
BalıkesirBandırma
40%
İstanbulBeyoğlu
40%
ErzurumÇat
40%
AydınKuşadası
40%
İstanbulŞile
40%
İstanbulÜmraniye
40%
İstanbulAdalar
38%
İstanbulBaşakşehir
38%
SamsunÇarşamba
38%
RizeÇayeli
38%
İstanbulSilivri
38%
HakkariYüksekova
38%
İstanbulAvcılar
37%
İstanbulBeylikdüzü
37%
AydınDidim
37%
İstanbulGaziosmanpaşa
37%
EskişehirOdunpazarı
37%
ÇankırıOrta
37%
BursaOsmangazi
37%
İstanbulBeykoz
35%
TekirdağÇorlu
35%
KahramanmaraşElbistan
35%
Hatayİskenderun
35%
AnkaraMamak
35%
Rize | TokatPazar
35%
OrduPerşembe
35%
İstanbulSultanbeyli
35%
ÇorumAlaca
33%
İstanbulArnavutköy
33%
İstanbulBakırköy
33%
İzmirBornova
33%
İstanbulÇatalca
33%
Konya | ZonguldakEreğli
33%
MersinMut
33%
İstanbulSancaktepe
33%
ManisaAkhisar
32%
SamsunAtakum
32%
ÇanakkaleBiga
32%
ÇanakkaleGelibolu
32%
Adıyaman | AnkaraGölbaşı
32%
Kocaeliİzmit
32%
İzmirKonak
32%
MardinMidyat
32%
MuğlaMilas
32%
AydınNazilli
32%
KarsSarıkamış
32%
BartınAmasra
30%
İstanbulAtaşehir
30%
SamsunBafra
30%
İstanbulBayrampaşa
30%
AnkaraBeypazarı
30%
AğrıDoğubayazıt
30%
OrduFatsa
30%
İstanbulMaltepe
30%
Tekirdağ | VanSaray
30%
İzmirSelçuk
30%
KarsSelim
30%
İstanbulSultangazi
30%
İzmirTire
30%
SakaryaAdapazarı
29%
İzmirBuca
29%
İstanbulKağıthane
29%
AdıyamanKahta
29%
AdanaKozan
29%
MuğlaMarmaris
29%
BursaNilüfer
29%
BursaOrhangazi
29%
AnkaraSincan
29%
OrduÜnye
29%
AğrıAğrı Merkez
27%
HatayAntakya
27%
İstanbulBahçelievler
27%
KarsDigor
27%
ArtvinHopa
27%
SivasKangal
27%
Antalya | BurdurKemer
27%
EdirneKeşan
27%
AmasyaMerzifon
27%
ErzurumOltu
27%
KarabükSafranbolu
27%
GaziantepŞahinbey
27%
ManisaSoma
27%
MersinTarsus
27%
BitlisTatvan
27%
NevşehirÜrgüp
27%
Bursa | Diyarbakır | MersinYenişehir
27%
İstanbulZeytinburnu
27%
TokatErbaa
25%
Denizli | MalatyaKale
25%
MersinSilifke
25%
ŞırnakSilopi
25%
BartınUlus
25%
TrabzonAkçaabat
24%
MersinAnamur
24%
BalıkesirErdek
24%
ŞanlıurfaHarran
24%
KarsKars Merkez
24%
KırklareliLüleburgaz
24%
AntalyaManavgat
24%
BalıkesirMarmara
24%
ErzurumPalandöken
24%
DenizliPamukkale
24%
AnkaraPolatlı
24%
AydınSöke
24%
AdıyamanAdıyaman Merkez
22%
BalıkesirBurhaniye
22%
İstanbulÇekmeköy
22%
İstanbulGüngören
22%
Kastamonuİnebolu
22%
KarsKağızman
22%
AntalyaKonyaaltı
22%
İzmirMenemen
22%
SakaryaSapanca
22%
KonyaSelçuklu
22%
İzmirUrla
22%
AnkaraYenimahalle
22%
DüzceAkçakoca
21%
ArdahanArdahan Merkez
21%
ArtvinArhavi
21%
BingölBingöl Merkez
21%
BitlisBitlis Merkez
21%
DiyarbakırÇınar
21%
ŞırnakCizre
21%
AdanaÇukurova
21%
MuğlaDalaman
21%
ZonguldakDevrek
21%
VanErciş
21%
HatayErzin
21%
ÇanakkaleEzine
21%
IğdırIğdır Merkez
21%
Bursaİznik
21%
MuğlaKöyceğiz
21%
ElazığMaden
21%
İzmirMenderes
21%
MuşMuş Merkez
21%
BursaMustafakemalpaşa
21%
SiirtSiirt Merkez
21%
ŞırnakŞırnak Merkez
21%
SivasSivas Merkez
21%
BalıkesirSusurluk
21%
AdıyamanTut
21%
MuğlaUla
21%
ŞanlıurfaViranşehir
21%
KonyaAkşehir
19%
AnkaraBala
19%
BartınBartın Merkez
19%
BatmanBatman Merkez
19%
BayburtBayburt Merkez
19%
DenizliÇal
19%
KastamonuCide
19%
ArdahanÇıldır
19%
HatayDörtyol
19%
ErzincanErzincan Merkez
19%
AntalyaFinike
19%
İzmirFoça
19%
GiresunGiresun Merkez
19%
ÇanakkaleGökçeada
19%
KocaeliGölcük
19%
Balıkesir | IspartaGönen
19%
HakkariHakkari Merkez
19%
ŞanlıurfaHalfeti
19%
HatayHassa
19%
Samsunİlkadım
19%
ErzincanKemaliye
19%
ZonguldakKozlu
19%
TekirdağMarmaraereğlisi
19%
MardinNusaybin
19%
ÇorumOsmancık
19%
ManisaSalihli
19%
ŞanlıurfaSiverek
19%
BilecikSöğüt
19%
ŞanlıurfaSuruç
19%
AksarayAksaray Merkez
17%
İzmirAliağa
17%
AnkaraAltındağ
17%
AmasyaAmasya Merkez
17%
YalovaArmutlu
17%
AdıyamanBesni
17%
ÇanakkaleBozcaada
17%
BilecikBozüyük
17%
RizeÇamlıhemşin
17%
AnkaraÇubuk
17%
HakkariÇukurca
17%
KocaeliDarıca
17%
MuğlaDatça
17%
DiyarbakırErgani
17%
BoluGerede
17%
ArdahanGöle
17%
ŞanlıurfaHilvan
17%
Eskişehirİnönü
17%
BursaKaracabey
17%
ElazığKeban
17%
AnkaraKızılcahamam
17%
KocaeliKörfez
17%
KütahyaKütahya Merkez
17%
BalıkesirManyas
17%
AnkaraNallıhan
17%
Aksaray | ÇorumOrtaköy
17%
HataySamandağ
17%
HakkariŞemdinli
17%
KarsSusuz
17%
KütahyaTavşanlı
17%
TokatTokat Merkez
17%
MuşVarto
17%
YalovaYalova Merkez
17%
AdanaYumurtalık
17%
ZonguldakZonguldak Merkez
17%
BitlisAhlat
16%
MersinAkdeniz
16%
MardinArtuklu
16%
ArtvinArtvin Merkez
16%
DiyarbakırBağlar
16%
BilecikBilecik Merkez
16%
BoluBolu Merkez
16%
ArtvinBorçka
16%
ÇankırıÇankırı Merkez
16%
ZonguldakÇaycuma
16%
İzmirÇiğli
16%
DiyarbakırDicle
16%
KütahyaDumlupınar
16%
ElazığElazığ Merkez
16%
ŞanlıurfaEyyübiye
16%
GümüşhaneGümüşhane Merkez
16%
BatmanHasankeyf
16%
ErzurumHorasan
16%
ÇankırıIlgaz
16%
Adanaİmamoğlu
16%
İzmirKarabağlar
16%
SakaryaKarasu
16%
Artvin | İzmirKemalpaşa
16%
MardinKızıltepe
16%
TrabzonMaçka
16%
MuşMalazgirt
16%
BoluMengen
16%
BursaMudanya
16%
NevşehirNevşehir Merkez
16%
ElazığPalu
16%
ErzurumPasinler
16%
AğrıPatnos
16%
KahramanmaraşPazarcık
16%
TokatReşadiye
16%
SivasŞarkışla
16%
BoluSeben
16%
AntalyaSerik
16%
DiyarbakırSilvan
16%
KayseriTalas
16%
KastamonuTaşköprü
16%
MersinToroslar
16%
TunceliTunceli Merkez
16%
BursaYıldırım
16%
TokatZile
16%
TrabzonAraklı
14%
SakaryaArifiye
14%
NevşehirAvanos
14%
İzmirBergama
14%
KonyaBeyşehir
14%
ŞanlıurfaBirecik
14%
Denizli | KastamonuBozkurt
14%
DiyarbakırÇermik
14%
YalovaÇınarcık
14%
ÇorumÇorum Merkez
14%
SivasDivriği
14%
BalıkesirDursunbey
14%
DüzceDüzce Merkez
14%
EdirneEnez
14%
ŞanlıurfaHaliliye
14%
RizeHemşin
14%
SakaryaHendek
14%
OsmaniyeKadirli
14%
AnkaraKalecik
14%
KocaeliKandıra
14%
KocaeliKartepe
14%
SamsunKavak
14%
BingölKiğı
14%
DiyarbakırLice
14%
BitlisMutki
14%
NiğdeNiğde Merkez
14%
TokatNiksar
14%
GaziantepNizip
14%
Kastamonu | KayseriPınarbaşı
14%
AnkaraPursaklar
14%
ErzincanRefahiye
14%
RizeRize Merkez
14%
GiresunŞebinkarahisar
14%
GaziantepŞehitkamil
14%
SinopSinop Merkez
14%
AmasyaSuluova
14%
TrabzonSürmene
14%
SamsunTekkeköy
14%
ManisaTurgutlu
14%
SamsunVezirköprü
14%
YozgatYozgat Merkez
14%
BitlisAdilcevaz
13%
Antalya | IspartaAksu
13%
SakaryaAkyazı
13%
ManisaAlaşehir
13%
RizeArdeşen
13%
AnkaraAyaş
13%
İzmirBayraklı
13%
BurdurBurdur Merkez
13%
TrabzonÇaykara
13%
TunceliÇemişgezek
13%
ŞanlıurfaCeylanpınar
13%
DiyarbakırÇüngüş
13%
KastamonuDaday
13%
HatayDefne
13%
İzmirDikili
13%
ÇanakkaleEceabat
13%
AfyonkarahisarEmirdağ
13%
BursaGemlik
13%
BoluGöynük
13%
BitlisGüroymak
13%
İzmirGüzelbahçe
13%
AksarayGüzelyurt
13%
MuşHasköy
13%
AnkaraHaymana
13%
DiyarbakırHazro
13%
Çorumİskilip
13%
IspartaIsparta Merkez
13%
KaramanKaraman Merkez
13%
KastamonuKastamonu Merkez
13%
GümüşhaneKelkit
13%
ErzincanKemah
13%
BursaKestel
13%
İzmirKiraz
13%
HatayKırıkhan
13%
KırşehirKırşehir Merkez
13%
SakaryaKocaali
13%
ÇanakkaleLapseki
13%
MuğlaMenteşe
13%
BoluMudurnu
13%
GaziantepNurdağı
13%
MuğlaOrtaca
13%
SakaryaPamukova
13%
AdanaPozantı
13%
AfyonkarahisarSandıklı
13%
İzmirSeferihisar
13%
EskişehirSivrihisar
13%
BingölSolhan
13%
SivasSuşehri
13%
KastamonuTosya
13%
AğrıTutak
13%
ŞırnakUludere
13%
UşakUşak Merkez
13%
ErzincanÜzümlü
13%
BingölYedisu
13%
Malatya | TokatYeşilyurt
13%
Samsun19 Mayıs
11%
KarsAkyaka
11%
ZonguldakAlaplı
11%
OrduAltınordu
11%
IğdırAralık
11%
KarsArpaçay
11%
TrabzonArsin
11%
ErzurumAşkale
11%
ŞırnakBeytüşşebap
11%
BalıkesirBigadiç
11%
DiyarbakırBismil
11%
AfyonkarahisarBolvadin
11%
GiresunBulancak
11%
KocaeliDerince
11%
KayseriDeveli
11%
KocaeliDilovası
11%
AğrıDiyadin
11%
BoluDörtdivan
11%
AydınEfeler
11%
IspartaEğirdir
11%
AğrıEleşkirt
11%
MersinErdemli
11%
GiresunEspiye
11%
İzmirGaziemir
11%
BingölGenç
11%
SakaryaGeyve
11%
GiresunGörele
11%
SamsunHavza
11%
BitlisHizan
11%
Şırnakİdil
11%
KarabükKarabük Merkez
11%
İzmirKaraburun
11%
KocaeliKaramürsel
11%
BingölKarlıova
11%
SakaryaKaynarca
11%
KilisKilis Merkez
11%
KırklareliKırklareli Merkez
11%
MuşKorkut
11%
ElazığKovancılar
11%
KonyaKulu
11%
HatayKumlu
11%
KonyaMeram
11%
EskişehirMihalıççık
11%
VanMuradiye
11%
İzmirNarlıdere
11%
ErzurumNarman
11%
TrabzonOrtahisar
11%
BilecikPazaryeri
11%
ArdahanPosof
11%
HatayReyhanlı
11%
ManisaŞehzadeler
11%
ErzurumŞenkaya
11%
MuğlaSeydikemer
11%
KonyaSeydişehir
11%
AdıyamanSincik
11%
YozgatSorgun
11%
SakaryaTaraklı
11%
SamsunTerme
11%
AdanaTufanbeyli
11%
IğdırTuzluca
11%
Aydın | BilecikYenipazar
11%
AdanaYüreğir
11%
ArtvinYusufeli
11%
SivasZara
11%
AfyonkarahisarAfyonkarahisar Merkez
10%
ŞanlıurfaAkçakale
10%
SamsunAlaçam
10%
SinopAyancık
10%
Samsun | ÇanakkaleAyvacık
10%
ErzurumAziziye
10%
VanBahçesaray
10%
Afyonkarahisar | ÇorumBayat
10%
MuşBulanık
10%
GiresunÇamoluk
10%
KastamonuÇatalzeytin
10%
TekirdağÇerkezköy
10%
MalatyaDarende
10%
BayburtDemirözü
10%
HakkariDerecik
10%
GiresunDereli
10%
MardinDerik
10%
TrabzonDernekpazarı
10%
AfyonkarahisarDinar
10%
KastamonuDoğanyurt
10%
AntalyaDöşemealtı
10%
EdirneEdirne Merkez
10%
AntalyaElmalı
10%
KütahyaEmet
10%
SakaryaErenler
10%
SiirtEruh
10%
AdıyamanGerger
10%
Erzincanİliç
10%
Vanİpekyolu
10%
AnkaraKahramankazan
10%
KırşehirKaman
10%
AdanaKaraisalı
10%
ElazığKarakoçan
10%
SakaryaKarapürçek
10%
AdanaKarataş
10%
BalıkesirKaresi
10%
AntalyaKepez
10%
ZonguldakKilimli
10%
KırıkkaleKırıkkale Merkez
10%
ManisaKırkağaç
10%
KayseriKocasinan
10%
Manisa | TrabzonKöprübaşı
10%
BatmanKozluk
10%
ManisaKula
10%
KastamonuKüre
10%
SiirtKurtalan
10%
BartınKurucaşile
10%
TekirdağMalkara
10%
MardinMazıdağı
10%
MersinMezitli
10%
EskişehirMihalgazi
10%
KırşehirMucur
10%
TekirdağMuratlı
10%
KahramanmaraşOnikişubat
10%
BilecikOsmaneli
10%
Karabük | TunceliOvacık
10%
SiirtPervari
10%
TunceliPülümür
10%
AdanaSaimbeyli
10%
AnkaraŞereflikoçhisar
10%
EskişehirSeyitgazi
10%
KütahyaSimav
10%
ElazığSivrice
10%
SakaryaSöğütlü
10%
AmasyaTaşova
10%
YalovaTermal
10%
GiresunTirebolu
10%
İzmirTorbalı
10%
ErzurumTortum
10%
TokatTurhal
10%
TrabzonVakfıkebir
10%
KayseriYahyalı
10%
ErzurumYakutiye
10%
MuğlaYatağan
10%
BoluYeniçağa
10%
Karabük | ÇanakkaleYenice
10%
MardinYeşilli
10%
TrabzonYomra
10%
ManisaYunusemre
10%
DenizliAcıpayam
8%
KahramanmaraşAfşin
8%
ManisaAhmetli
8%
AnkaraAkyurt
8%
AdanaAladağ
8%
BalıkesirAltıeylül
8%
GiresunAlucra
8%
GaziantepAraban
8%
BayburtAydıntepe
8%
İzmirBayındır
8%
SiirtBaykan
8%
ÇanakkaleÇanakkale Merkez
8%
KocaeliÇayırova
8%
AdıyamanÇelikhan
8%
ÇankırıÇerkeş
8%
KırşehirÇiçekdağı
8%
DüzceÇilimli
8%
AntalyaDemre
8%
KastamonuDevrekani
8%
KahramanmaraşEkinözü
8%
AnkaraElmadağ
8%
AnkaraEvren
8%
GiresunEynesil
8%
AdanaFeke
8%
RizeFındıklı
8%
AntalyaGazipaşa
8%
BatmanGercüş
8%
AydınGermencik
8%
GiresunGüce
8%
ŞırnakGüçlükonak
8%
AnkaraGüdül
8%
SivasGürün
8%
NevşehirHacıbektaş
8%
KastamonuHanönü
8%
Gaziantepİslahiye
8%
TekirdağKapaklı
8%
ŞanlıurfaKaraköprü
8%
GiresunKeşap
8%
İzmirKınık
8%
ÇankırıKızılırmak
8%
DiyarbakırKulp
8%
AntalyaKumluca
8%
KayseriMelikgazi
8%
EdirneMeriç
8%
DenizliMerkezefendi
8%
AntalyaMuratpaşa
8%
İzmirÖdemiş
8%
MardinÖmerli
8%
BursaOrhaneli
8%
OsmaniyeOsmaniye Merkez
8%
HatayPayas
8%
GiresunPiraziz
8%
BatmanSason
8%
ArtvinŞavşat
8%
SakaryaSerdivan
8%
BalıkesirSındırgı
8%
SiirtŞirvan
8%
ErzurumTekman
8%
ErzincanTercan
8%
SiirtTillo
8%
EdirneUzunköprü
8%
BingölYayladere
8%
BingölAdaklı
6%
EskişehirAlpu
6%
KastamonuAraç
6%
KastamonuAzdavay
6%
KırklareliBabaeski
6%
İzmirBalçova
6%
KocaeliBaşiskele
6%
HatayBelen
6%
BatmanBeşiri
6%
İzmirBeydağ
6%
KırşehirBoztepe
6%
NiğdeÇamardı
6%
AnkaraÇamlıdere
6%
SamsunCanik
6%
TrabzonÇarşıbaşı
6%
KonyaÇumra
6%
MardinDargeçit
6%
SakaryaFerizli
6%
OrduGölköy
6%
MersinGülnar
6%
BursaGürsu
6%
KonyaHadim
6%
AğrıHamur
6%
Rizeİkizdere
6%
Edirneİpsala
6%
Erzurumİspir
6%
Balıkesirİvrindi
6%
Rizeİyidere
6%
IğdırKarakoyunlu
6%
KonyaKaratay
6%
ÇorumKargı
6%
MuğlaKavaklıdere
6%
KırıkkaleKeskin
6%
AntalyaKorkuteli
6%
GümüşhaneKürtün
6%
GaziantepOğuzeli
6%
KırklareliPınarhisar
6%
MalatyaPütürge
6%
SamsunSalıpazarı
6%
SinopSaraydüzü
6%
EskişehirSarıcakaya
6%
TekirdağŞarköy
6%
ManisaSaruhanlı
6%
GümüşhaneŞiran
6%
AğrıTaşlıçay
6%
GiresunYağlıdere
6%
KastamonuAbana
5%
YozgatAkdağmadeni
5%
KırşehirAkpınar
5%
AntalyaAkseki
5%
YalovaAltınova
5%
ArtvinArdanuç
5%
MalatyaArguvan
5%
HatayArsuz
5%
SamsunAsarcık
5%
OrduAybastı
5%
MalatyaBattalgazi
5%
TrabzonBeşikdüzü
5%
MersinBozyazı
5%
KayseriBünyan
5%
DenizliÇameli
5%
GiresunÇanakçı
5%
YozgatÇekerek
5%
NiğdeÇiftlik
5%
AydınÇine
5%
DenizliÇivril
5%
ArdahanDamal
5%
AfyonkarahisarDazkırı
5%
GiresunDoğankent
5%
MalatyaDoğanyol
5%
KahramanmaraşDulkadiroğlu
5%
DiyarbakırEğil
5%
TekirdağErgene
5%
KaramanErmenek
5%
KarabükEskipazar
5%
ManisaGölmarmara
5%
AmasyaGümüşhacıköy
5%
DenizliGüney
5%
OrduGürgentepe
5%
DiyarbakırHani
5%
BursaHarmancık
5%
TekirdağHayrabolu
5%
ErzurumHınıs
5%
DenizliHonaz
5%
TunceliHozat
5%
Kayseriİncesu
5%
KonyaKadınhanı
5%
ErzurumKarayazı
5%
AydınKarpuzlu
5%
IspartaKeçiborlu
5%
BoluKıbrıscık
5%
SamsunLadik
5%
OrduMesudiye
5%
TrabzonŞalpazarı
5%
AdıyamanSamsat
5%
ManisaSarıgöl
5%
MardinSavur
5%
ManisaSelendi
5%
IspartaSenirkent
5%
UşakSivaslı
5%
AfyonkarahisarŞuhut
5%
AydınSultanhisar
5%
ÇorumSungurlu
5%
TrabzonTonya
5%
GümüşhaneTorul
5%
KahramanmaraşTürkoğlu
5%
VanTuşba
5%
NiğdeUlukışla
5%
ErzurumUzundere
5%
KırklareliVize
5%
GaziantepYavuzeli
5%
HatayYayladağı
5%
YozgatYerköy
5%
ElazığAğın
3%
KastamonuAğlı
3%
SivasAkıncılar
3%
KütahyaAltıntaş
3%
KahramanmaraşAndırın
3%
ÇankırıAtkaracalar
3%
Mersin | YozgatAydıncık
3%
DenizliBabadağ
3%
BalıkesirBalya
3%
UşakBanaz
3%
VanBaşkale
3%
YozgatBoğazlıyan
3%
DenizliBuldan
3%
MersinÇamlıyayla
3%
VanÇatak
3%
YalovaÇiftlikköy
3%
KonyaCihanbeyli
3%
DüzceCumayeri
3%
ManisaDemirci
3%
KütahyaDomaniç
3%
SivasGemerek
3%
SinopGerze
3%
VanGevaş
3%
ZonguldakGökçebey
3%
KahramanmaraşGöksun
3%
BilecikGölpazarı
3%
ManisaGördes
3%
AmasyaGöynücek
3%
AksarayGülağaç
3%
NevşehirGülşehir
3%
AntalyaGündoğmuş
3%
RizeGüneysu
3%
EskişehirGünyüzü
3%
VanGürpınar
3%
SivasHafik
3%
EdirneHavsa
3%
KütahyaHisarcık
3%
AfyonkarahisarHocalar
3%
Antalyaİbradı
3%
Kastamonuİhsangazi
3%
Afyonkarahisarİhsaniye
3%
Orduİkizce
3%
Aydınİncirliova
3%
RizeKalkandere
3%
GaziantepKarkamış
3%
KaramanKazımkarabekir
3%
BalıkesirKepsut
3%
ÇankırıKorgun
3%
AydınKöşk
3%
ÇankırıKurşunlu
3%
ÇorumLaçin
3%
EdirneLalapaşa
3%
KilisMusabeyli
3%
KahramanmaraşNurhak
3%
ErzurumOlur
3%
VanÖzalp
3%
DenizliSarayköy
3%
KonyaSarayönü
3%
KayseriSarıoğlan
3%
YozgatŞefaatli
3%
KastamonuŞenpazar
3%
KastamonuSeydiler
3%
AfyonkarahisarSinanpaşa
3%
TekirdağSüleymanpaşa
3%
AfyonkarahisarSultandağı
3%
TokatSulusaray
3%
KonyaTaşkent
3%
DenizliTavas
3%
EskişehirTepebaşı
3%
KayseriTomarza
3%
Ordu | UşakUlubey
3%
KırıkkaleYahşihan
3%
SamsunYakakent
3%
ÇankırıYapraklı
3%
YozgatYenifakılı
3%
BurdurYeşilova
3%
SivasYıldızeli
3%
AksarayAğaçören
2%
MalatyaAkçadağ
2%
OrduAkkuş
2%
ElazığAlacakaya
2%
TokatAlmus
2%
HatayAltınözü
2%
Burdur | SivasAltınyayla
2%
ElazığArıcak
2%
TokatArtova
2%
KırıkkaleBalışeyh
2%
ElazığBaskil
2%
AfyonkarahisarBaşmakçı
2%
ÇanakkaleBayramiç
2%
ÇankırıBayramören
2%
EskişehirBeylikova
2%
ÇorumBoğazkale
2%
SinopBoyabat
2%
KonyaBozkır
2%
ŞanlıurfaBozova
2%
AydınBuharkent
2%
BursaBüyükorhan
2%
DenizliÇardak
2%
KonyaÇeltik
2%
EskişehirÇifteler
2%
AfyonkarahisarÇobanlar
2%
KırklareliDemirköy
2%
KonyaDerbent
2%
RizeDerepazarı
2%
NevşehirDerinkuyu
2%
SinopDikmen
2%
ÇorumDodurga
2%
SivasDoğanşar
2%
SinopDurağan
2%
TrabzonDüzköy
2%
KilisElbeyli
2%
KonyaEmirgazi
2%
SinopErfelek
2%
AksarayEskil
2%
AfyonkarahisarEvciler
2%
KayseriFelahiye
2%
BurdurGölhisar
2%
BalıkesirGömeç
2%
KayseriHacılar
2%
AmasyaHamamözü
2%
ArdahanHanak
2%
OsmaniyeHasanbeyli
2%
BalıkesirHavran
2%
TrabzonHayrat
2%
MalatyaHekimhan
2%
Sivasİmranlı
2%
Bilecikİnhisar
2%
Afyonkarahisarİscehisar
2%
OrduKabataş
2%
YozgatKadışehri
2%
AydınKaracasu
2%
ErzurumKaraçoban
2%
UşakKarahallı
2%
BurdurKaramanlı
2%
KonyaKarapınar
2%
DiyarbakırKayapınar
2%
DüzceKaynaşlı
2%
BursaKeles
2%
AfyonkarahisarKızılören
2%
AydınKoçarlı
2%
ErzurumKöprüköy
2%
GümüşhaneKöse
2%
SivasKoyulhisar
2%
NevşehirKozaklı
2%
AydınKuyucak
2%
EskişehirMahmudiye
2%
TunceliMazgirt
2%
ÇorumMecitözü
2%
ArtvinMurgul
2%
ÇorumOğuzlar
2%
KırklareliPehlivanköy
2%
TunceliPertek
2%
AdanaSarıçam
2%
KaramanSarıveliler
2%
AksaraySarıyahşi
2%
KayseriSarız
2%
BalıkesirSavaştepe
2%
DenizliSerinhisar
2%
EdirneSüloğlu
2%
IspartaSütçüler
2%
BurdurTefenni
2%
SinopTürkeli
2%
ÇorumUğurludağ
2%
SivasUlaş
2%
KonyaYalıhüyük
2%
KonyaYunak
2%
NevşehirAcıgöl
0%
BurdurAğlasun
0%
KonyaAhırlı
0%
KırşehirAkçakent
0%
KayseriAkkışla
0%
KonyaAkören
0%
KonyaAltınekin
0%
NiğdeAltunhisar
0%
MalatyaArapgir
0%
KütahyaAslanapa
0%
IspartaAtabey
0%
KaramanAyrancı
0%
KırıkkaleBahşılı
0%
DenizliBaklan
0%
TokatBaşçiftlik
0%
KaramanBaşyayla
0%
DenizliBekilli
0%
DenizliBeyağaç
0%
AydınBozdoğan
0%
BurdurBucak
0%
KahramanmaraşÇağlayancerit
0%
VanÇaldıran
0%
OrduÇamaş
0%
YozgatÇandır
0%
OrduÇatalpınar
0%
KütahyaÇavdarhisar
0%
BurdurÇavdır
0%
OrduÇaybaşı
0%
YozgatÇayıralan
0%
ErzincanÇayırlı
0%
KırıkkaleÇelebi
0%
BurdurÇeltikçi
0%
KırıkkaleDelice
0%
KonyaDerebucak
0%
KonyaDoğanhisar
0%
MalatyaDoğanşehir
0%
OsmaniyeDüziçi
0%
KarabükEflani
0%
ÇankırıEldivan
0%
UşakEşme
0%
KütahyaGediz
0%
IspartaGelendost
0%
SivasGölova
0%
DüzceGölyaka
0%
OrduGülyalı
0%
DüzceGümüşova
0%
KonyaGüneysınır
0%
KonyaHalkapınar
0%
KonyaHüyük
0%
KonyaIlgın
0%
OrduKabadüz
0%
KırıkkaleKarakeçili
0%
DiyarbakırKocaköy
0%
KırklareliKofçaz
0%
OrduKorgan
0%
MalatyaKuluncak
0%
OrduKumru
0%
TunceliNazımiye
0%
ErzincanOtlukbeli
0%
KayseriÖzvatan
0%
KütahyaPazarlar
0%
ErzurumPazaryolu
0%
KilisPolateli
0%
ÇankırıŞabanözü
0%
KütahyaŞaphane
0%
YozgatSaraykent
0%
YozgatSarıkaya
0%
IspartaŞarkikaraağaç
0%
KırıkkaleSulakyurt
0%
AksaraySultanhanı
0%
OsmaniyeSumbas
0%
OsmaniyeToprakkale
0%
KonyaTuzlukçu
0%
IspartaUluborlu
0%
IspartaYalvaç
0%
MalatyaYazıhan
0%
IspartaYenişarbademli
0%
KayseriYeşilhisar
0%
DüzceYığılca
0%

Score Distribution

Percentile by Number Answered

Percent of People with Each Score

Your Score History

You have not taken this quiz